书目信息 |
| 题名: |
汽车发动机燃油喷射技术
|
|
| 作者: | 李春明 主编 | |
| 分册: | ||
| 出版信息: | 北京 北京理工大学出版社 2008.08 |
|
| 页数: | 295页 | |
| 开本: | 26cm | |
| 丛书名: | ||
| 单 册: | ||
| 中图分类: | U464.136 | |
| 科图分类: | ||
| 主题词: | 汽车--qi che--发动机--供输油系统 | |
| 电子资源: | ||
| ISBN: | 978-7-5640-0032-5 | |
| 000 | 00962nam0 2200265 450 | |
| 001 | 012009490344 | |
| 005 | 20090919155936.93 | |
| 010 | @a978-7-5640-0032-5@dCNY33.00 | |
| 100 | @a20090919d2008 em y0chiy0120 ea | |
| 101 | 0 | @achi |
| 102 | @aCN@b110000 | |
| 105 | @aak a 000yy | |
| 106 | @ar | |
| 200 | 1 | @a汽车发动机燃油喷射技术@Aqi che fa dong ji ran you pen she ji shu@f李春明主编@Fli chun ming zhu bian |
| 205 | @a第3版 | |
| 210 | @a北京@c北京理工大学出版社@d2008.08 | |
| 215 | @a295页@c图@d26cm | |
| 300 | @a21世纪高职高专规划教材·汽车类 | |
| 320 | @a有书目 (第295页) | |
| 330 | @a本书根据教育部对高职高专人才培养目标的要求进行编写,系统地讲解了汽车发动机电子控制燃油喷射系统的结构、原理、故障诊断与维修方法,同时增加了电控柴油发动机燃油喷射系统的内容。 | |
| 606 | 0 | @a汽车@Aqi che@x发动机@x供输油系统 |
| 690 | @aU464.136@v4 | |
| 701 | 0 | @a李春明@Ali chun ming@4主编 |
| 801 | 0 | @aCN@bQSSK@c20090919 |
| 905 | @b757202-04@dU464.136@eL134@f3 | |
| 汽车发动机燃油喷射技术/李春明主编.-第3版.-北京:北京理工大学出版社,2008.08 |
| 295页:图;26cm |
| 21世纪高职高专规划教材·汽车类 |
| ISBN 978-7-5640-0032-5:CNY33.00 |
| 本书根据教育部对高职高专人才培养目标的要求进行编写,系统地讲解了汽车发动机电子控制燃油喷射系统的结构、原理、故障诊断与维修方法,同时增加了电控柴油发动机燃油喷射系统的内容。 |
| ● |
| 相关链接 |
|
|
|
正题名:汽车发动机燃油喷射技术
索取号:U464.136/L134
 
预约/预借
| 序号 | 登录号 | 条形码 | 馆藏地/架位号 | 状态 | 备注 |
| 1 | 757202 | 207572027 | 期刊室512/501自科库 56排2列5层/ [索取号:U464.136/L134] | 在馆 | |
| 2 | 757203 | 207572036 | 自科库501/501自科库 56排4列2层/ [索取号:U464.136/L134] | 在馆 | |
| 3 | 757204 | 207572045 | 自科库501/501自科库 56排4列2层/ [索取号:U464.136/L134] | 在馆 |